000 01008nam a22002655i 4500
001 175207
003 ES-MaACL
005 20250822040310.0
008 101014s1976 sp f |||| | spa d
020 _a84-249-2451-7
080 _a616.89(091)
080 _a159.964.2(091)
100 1 _aEllenberger, Henri F.
_9143579
245 1 3 _aEl descubrimiento del inconsciente :
_bhistoria y evolución de la psiquiatría dinámica /
_cHenri F. Ellenberger ; versión española de Pedro López Onega ; traducciones Diorki.
260 _aMadrid :
_bGredos,
_c[1976]
300 _a1054 p., [30] p. de lám. ;
_c25 cm.
490 1 _aBiblioteca de psicología y psicoterapia ;
_v21
650 4 _aPsiquiatría-
_xHistoria.
_916592
650 4 _aPsicoanálisis-
_xHistoria.
_9143574
700 1 _aLópez Onega, Pedro.
_973841
710 2 _aDiorki.
_93392
830 1 0 _aBiblioteca de psicología y psicoterapia
_v21
_9189553
852 4 _aES-MaACL
_jE-13376
_xOlim P-527-Ter
999 _c175207
_d175207